Cours de langue et de civilisatión francaises /
Guardado en:
| Autor Principal: | |
|---|---|
| Formato: | Libro |
| Publicado: |
Par¡s :
Hachette,
1968
|
| Materias: | |
| Etiquetas: |
Agregar Etiqueta
Sin Etiquetas, Sea el primero en etiquetar este registro!
|
| LEADER | 00982nam a22002415a 4500 | ||
|---|---|---|---|
| 001 | CEM.cems004241 | ||
| 005 | 20060216000000.0 | ||
| 008 | 130507s1968##################000#0#####d | ||
| 003 | CEMS | ||
| 082 | 0 | 4 | |a 448.64 |
| 100 | 1 | |a Mauger, Gastón | |
| 245 | 1 | 0 | |a Cours de langue et de civilisatión francaises / |
| 260 | |a Par¡s : |b Hachette, |c 1968 | ||
| 300 | |a 279 | ||
| 653 | |a Frances | ||
| 859 | |a CEMS |b BIB. CEMS - 11 de abril |h 448.64 |i M442/II |p 1178.73 |t Ej.1 | ||
| 859 | |a CEMS |b BIB. CEMS - 11 de abril |h 448.64 |i M442/II |p 1179.73 |t Ej.2 | ||
| 859 | |a CEMS |b BIB. CEMS - 11 de abril |h 448.64 |i M442/II |p 1180.73 |t Ej.3 | ||
| 859 | |a CEMS |b BIB. CEMS - 11 de abril |h 448.64 |i M442/II |p 1182.73 |t Ej.5 | ||
| 859 | |a CEMS |b BIB. CEMS - 11 de abril |h 448.64 |i M442/II |p 1183.73 |t Ej.6 | ||
| 859 | |a CEMS |b BIB. CEMS - 11 de abril |h 448.64 |i M442/II |p 1184.73 |t Ej.7 | ||
| 859 | |a CEMS |b BIB. CEMS - 11 de abril |h 448.64 |i M442/II |p 1185.73 |t Ej.8 | ||
| 859 | |a CEMS |b BIB. CEMS - 11 de abril |h 448.64 |i M442/II |p 4843.76 |t Ej.4 | ||
